000 00350nam a22001457a 4500
008 211013b ||||| |||| 00| 0 eng d
020 _a2900781769029
041 _aeng
080 _28th
_a610
082 _a610
100 _a4
101 _aSHM
245 _aACSM's Guidelines for Exercise Testing and Prescription
_cWilliams,L
942 _2udc
_cBK
999 _c58200
_d58200